Statistics for 20 Countries on a Topological Map #7

Click here to take the quiz!

General Stats

  • This quiz has been taken 503 times
  • The average score is 18 of 20

Answers on the Map

Answers color-coded by a green-red scale on the quiz's map according to % correct below.
 

Answer Stats

Country% Correct
France
98%
Nicaragua
96%
San Marino
96%
Estonia
93%
Nepal
93%
Pakistan
93%
Albania
92%
Finland
92%
Hungary
92%
Jordan
92%
Norway
92%
Brunei
90%
Czechia
90%
East Timor
90%
Chad
89%
Malawi
89%
Mauritania
89%
Montenegro
89%
Ghana
87%
Liberia
86%

Score Distribution

Percentile by Number Answered

Percent of People with Each Score

Your Score History

You have not taken this quiz